Reporting technical information (Record no. 4757)
[ view plain ]
| 000 -LEADER | |
|---|---|
| fixed length control field | 01338 a2200181 4500 |
| 020 ## - INTERNATIONAL STANDARD BOOK NUMBER | |
| International Standard Book Number | 0195178793 |
| 040 ## - CATALOGING SOURCE | |
| Original cataloging agency | DLC |
| 082 04 - DEWEY DECIMAL CLASSIFICATION NUMBER | |
| Classification number | 808.0666 |
| 100 ## - MAIN ENTRY--PERSONAL NAME | |
| Personal name | Houp, Kenneth W. |
| 245 00 - TITLE STATEMENT | |
| Title | Reporting technical information |
| Statement of responsibility, etc. | Kenneth W. Houp |
| 250 ## - EDITION STATEMENT | |
| Edition statement | 11th ed. |
| 260 ## - PUBLICATION, DISTRIBUTION, ETC. | |
| Place of publication, distribution, etc. | New York : |
| Name of publisher, distributor, etc. | Oxford University Press, |
| Date of publication, distribution, etc. | 2006. |
| 300 ## - PHYSICAL DESCRIPTION | |
| Extent | xxiv, 615 p. : |
| Other physical details | ill. ; |
| Dimensions | 24 cm. |
| 500 ## - GENERAL NOTE | |
| General note | Previous ed.: 2001. |
| 505 0# - FORMATTED CONTENTS NOTE | |
| Formatted contents note | 1. An overview of technical writing -- 2. Composing -- 3. Writing for your readers -- 4. Achieving a readable style -- 5. Writing ethically -- 6. Writing for international readers -- 7. Gathering, evaluating, and documenting information -- 8. Designing and formatting documents -- 9. Creating and managing text -- 10. Developing the main elements of reports -- 11. Creating tables and figures -- 12. Planning correspondence and e-mail -- 13. Creating reports for any occasion -- 14. Developing analytical reports : recommendation reports and feasibility studies -- 15. Developing empirical research reports -- 16. Writing proposals and progress reports -- 17. Formulating instructions, procedures, and policies -- 18. Writing collaboratively -- 19. Preparing oral reports : the basics -- 20. Understanding the strategies and communications of the job search. |
| 650 #0 - SUBJECT ADDED ENTRY--TOPICAL TERM | |
| Topical term or geographic name entry element | Technical writing. |
| 942 ## - ADDED ENTRY ELEMENTS (KOHA) | |
| Koha item type | Book |
| Call number prefix | 808.0666 HOU |
| Source of classification or shelving scheme | |
| Withdrawn status | Lost status | Damaged status | Not for loan | Collection code | Permanent Location | Current Location | Shelving location | Date acquired | Source of acquisition | Cost, normal purchase price | Total Checkouts | Full call number | Barcode | Date last seen | Price effective from | Koha item type |
|---|---|---|---|---|---|---|---|---|---|---|---|---|---|---|---|---|
| Central Library (CL) | Central Library (CL) | General Stacks | 10/05/2006 | Pak Book Corporation | 4838.54 | 808.0666 HOU | SEECS007596 | 11/14/2012 | 01/05/2017 | Book | ||||||
| Central Library (CL) | Central Library (CL) | General Stacks | 12/05/2006 | Oxford University Press | 1168.00 | 808.0666 HOU | SEECS001526 | 11/14/2012 | 01/05/2017 | Book | ||||||
| Central Library (CL) | Central Library (CL) | General Stacks | 10/16/2009 | Star Books | 6079.18 | 808.0666 HOU | SEECS009797 | 11/14/2012 | 01/05/2017 | Book | ||||||
| Central Library (CL) | Central Library (CL) | General Stacks | 10/16/2009 | Star Books | 6079.18 | 808.0666 HOU | SEECS009798 | 11/14/2012 | 01/05/2017 | Book | ||||||
| Central Library (CL) | Central Library (CL) | General Stacks | 10/16/2009 | Star Books | 6079.18 | 808.0666 HOU | SEECS009796 | 11/14/2012 | 01/05/2017 | Book |
